[Event "American Continental"]
[Site "Buenos Aires ARG"]
[Date "2005.08.14"]
[Round "9"]
[White "Sosa Harrison,J"]
[Black "Orsini,A"]
[Result "1-0"]
[WhiteElo "2346"]
[BlackElo "2233"]
[EventDate "2005.08.06"]

1. Nf3 g6 2. d4 Bg7 3. g3 d6 4. Bg2 c5 5. O-O cxd4 6. Nxd4 Qb6 7. c3 Nc6 8.
Nxc6 bxc6 9. Qb3 Qc7 10. c4 h5 11. h4 Nh6 12. Nc3 Be6 13. Qa4 Rc8 14. Nd5
Qb7 15. Bg5 f6 16. Be3 Nf5 17. Bd2 O-O 18. Nf4 Bf7 19. e4 Nh6 20. Bc3 e5
21. Nd3 Be6 22. Rfd1 f5 23. c5 fxe4 24. Qxe4 d5 25. Qxg6 Bf5 26. Qg5 d4 27.
Be1 Bxd3 28. Rxd3 Qxb2 29. Rad1 Qe2 30. Qd2 Qg4 31. Qg5 Qe2 32. R3d2 Qg4
33. Rb1 Qxg5 34. hxg5 Nf7 35. f4 Nd8 36. Bh3 Ra8 37. f5 Nf7 38. f6 Bh8 39.
Be6 Rfe8 40. Bc4 Kf8 41. g6 Ng5 42. g7+ Bxg7 43. fxg7+ Kxg7 44. Rb7+ Kh6
45. Kg2 Ne4 46. Rc2 Rad8 47. Bd3 Ng5 48. Rf2 Re6 49. Bf5 Rf6 50. Bd2 Rh8
51. Be4 1-0

[Event "American Continental"]
[Site "Buenos Aires ARG"]
[Date "2005.08.14"]
[Round "9"]
[White "Daneri,M"]
[Black "Avalos,J"]
[Result "1-0"]
[WhiteElo "2220"]
[BlackElo "2323"]
[EventDate "2005.08.06"]

1. d4 c5 2. e4 e6 3. Nf3 cxd4 4. c3 Nf6 5. e5 Nd5 6. Qxd4 Nc6 7. Qe4 f5 8.
Qe2 Qc7 9. a3 d6 10. c4 Nxe5 11. Nd4 Ne7 12. f4 N5c6 13. Nf3 g6 14. Nc3 a6
15. Be3 Bg7 16. Qd2 O-O 17. b4 d5 18. Rc1 d4 19. Nxd4 Nxd4 20. Bxd4 Rd8 21.
Nd5 exd5 22. cxd5 Qd6 23. Bc5 Qf6 24. Bc4 Be6 25. Bxe7 Qxe7 26. Qe3 b5 27.
Ba2 Bb2 28. Rc6 Bxa3 29. Ke2 Kf8 30. Rxe6 Qxb4 31. Rb1 Qc5 32. Qe5 Qc2+ 33.
Kf1 Qxa2 34. Qh8+ 1-0

[Event "American Continental"]
[Site "Buenos Aires ARG"]
[Date "2005.08.14"]
[Round "9"]
[White "Molina,Jo"]
[Black "Quiroga,F"]
[Result "0-1"]
[WhiteElo "2195"]
[BlackElo "2321"]
[EventDate "2005.08.06"]

1. Nf3 Nf6 2. c4 e6 3. g3 d5 4. Bg2 Be7 5. O-O O-O 6. b3 c5 7. cxd5 Nxd5 8.
Bb2 Nc6 9. Nc3 Bf6 10. Rc1 Nc7 11. Na4 Bxb2 12. Nxb2 Na6 13. Na4 Qe7 14. d4
Rd8 15. e3 cxd4 16. Nxd4 Nxd4 17. exd4 Rb8 18. Re1 b5 19. Nc5 Nb4 20. Qd2
Nd5 21. Re5 f6 22. Ree1 b4 23. Qe2 Nc3 24. Qc4 Rd6 25. a3 a5 26. axb4 axb4
27. Bh3 Kh8 28. Ra1 Qd8 29. Nxe6 Bxe6 30. Bxe6 Rxd4 31. Qf1 Rd2 32. Bc4 Qd4
33. Qg2 Ne4 34. Qf3 f5 35. Qe3 Qb2 36. Qa7 Rbd8 37. Qa8 h6 38. Qc6 Rxf2 39.
Bf1 Qd4 40. Qc4 Rxf1+ 0-1

[Event "American Continental"]
[Site "Buenos Aires ARG"]
[Date "2005.08.14"]
[Round "9"]
[White "Critelli,J"]
[Black "Ruiz,Pa"]
[Result "0-1"]
[WhiteElo "2318"]
[BlackElo "2189"]
[EventDate "2005.08.06"]

1. e4 c5 2. Nf3 e6 3. d4 cxd4 4. Nxd4 a6 5. c4 Nf6 6. Nc3 Qc7 7. Bd3 Nc6 8.
Nxc6 dxc6 9. O-O Bc5 10. Kh1 e5 11. f4 Ng4 12. Qf3 Qd8 13. h3 Nf2+ 14. Kh2
Bg4 15. Qg3 Qxd3 16. Qxd3 Nxd3 17. hxg4 exf4 18. Bxf4 Nxf4 19. Rxf4 Bd6 20.
e5 Bxe5 21. Re1 f6 22. Rxe5+ fxe5 23. Rf5 O-O-O 24. Ne4 Rhe8 25. c5 Re7 26.
Kg3 Kc7 27. Kf3 Rd1 28. Kg3 Re1 29. Nd6 b6 30. b4 bxc5 31. bxc5 Rc1 32. Ne4
Rc4 33. Kf3 Ra4 34. Rf8 Ra3+ 35. Kf2 Rxa2+ 36. Kg3 Ra4 37. Kf3 Rd7 38. Nf2
Rf4+ 0-1

[Event "American Continental"]
[Site "Buenos Aires ARG"]
[Date "2005.08.14"]
[Round "9"]
[White "Goldwaser,C"]
[Black "Chemin,J"]
[Result "1-0"]
[WhiteElo "2180"]
[BlackElo "2296"]
[EventDate "2005.08.06"]

1. d4 d5 2. c4 c6 3. Nf3 e6 4. Nc3 dxc4 5. a4 Bb4 6. e3 b5 7. Bd2 a5 8.
axb5 Bxc3 9. Bxc3 cxb5 10. b3 Bb7 11. d5 Nf6 12. bxc4 O-O 13. cxb5 Nxd5 14.
Bb2 Nd7 15. Be2 N7f6 16. O-O Qb6 17. Bd4 Qd8 18. Ne5 Nd7 19. Nc4 e5 20. Bb2
Qg5 21. Bf3 e4 22. Bxe4 Nc3 23. Bxc3 Bxe4 24. f3 Bd5 25. h4 Qh5 26. Nxa5
Be6 27. Qd4 Nf6 28. Nc6 Rfe8 29. Ne7+ Kf8 30. Bb4 Qxb5 31. Nc8+ Kg8 32.
Rxa8 Bxc8 33. Rc1 Qb7 34. Rcxc8 1-0

[Event "American Continental"]
[Site "Buenos Aires ARG"]
[Date "2005.08.14"]
[Round "9"]
[White "Bibiloni,J"]
[Black "Ripari,M"]
[Result "0-1"]
[WhiteElo "2178"]
[BlackElo "2295"]
[EventDate "2005.08.06"]

1. g3 g6 2. Bg2 Bg7 3. e4 c5 4. d3 Nc6 5. f4 d6 6. Nf3 e6 7. O-O Nge7 8. h3
O-O 9. g4 f5 10. Qe1 c4 11. Kh1 cxd3 12. cxd3 Qa5 13. Qxa5 Nxa5 14. exf5
gxf5 15. Nc3 Bd7 16. Be3 Nac6 17. Rad1 fxg4 18. hxg4 Bxc3 19. bxc3 Nd5 20.
Rfe1 Nxc3 21. Rd2 Nd5 22. Ng5 Nxe3 23. Rxe3 Rxf4 24. Nxe6 Re8 25. Nxf4 Rxe3
26. Nd5 Re1+ 27. Kh2 Kg7 28. Kg3 Ne5 29. Kf2 Rb1 30. g5 Bc6 31. Nf6 Nf7 32.
Bxc6 bxc6 33. Rc2 c5 34. Ke3 Kg6 35. Rh2 Nxg5 36. Nd5 Re1+ 37. Kf2 Rc1 38.
Ke3 Re1+ 39. Kf2 Re5 40. Ne3 Ne6 41. Nc4 Rf5+ 42. Ke3 d5 43. Rg2+ Rg5 44.
Ne5+ Kf5 45. Rxg5+ Nxg5 46. d4 Ne6 47. Nc6 Nxd4 48. Nxa7 Ke6 49. Nc8 Nc2+
50. Kd2 Na3 51. Na7 Kd7 52. Kc3 Kc7 53. Kb3 Kb7 0-1

[Event "American Continental"]
[Site "Buenos Aires ARG"]
[Date "2005.08.14"]
[Round "9"]
[White "Ianovsky,M"]
[Black "Mazziotti Irigoyen,G"]
[Result "1-0"]
[WhiteElo "2155"]
[BlackElo "2293"]
[EventDate "2005.08.06"]

1. d4 d5 2. Nf3 Nf6 3. c4 dxc4 4. e3 a6 5. Bxc4 b5 6. Bb3 Bb7 7. a4 Nbd7 8.
O-O e6 9. Qe2 Be7 10. Nbd2 c5 11. axb5 axb5 12. Rxa8 Qxa8 13. Qxb5 O-O 14.
Qe2 Rb8 15. Bc4 Nb6 16. Bd3 Nfd5 17. dxc5 Bxc5 18. Ne5 g6 19. Ndf3 Nb4 20.
Bb5 f6 21. Nd3 Nxd3 22. Bxd3 Rd8 23. e4 Qc8 24. Be3 Bxe3 25. Qxe3 Na4 26.
Rc1 Qd7 27. Bf1 Nxb2 28. Qc3 Na4 29. Qxf6 Rf8 30. Qe5 Bc6 31. Nd4 Qf7 32.
f3 Bd7 33. Rc7 Rc8 34. Rxc8+ Bxc8 35. Bc4 Qa7 36. Bxe6+ Bxe6 37. Qxe6+ Kg7
38. Qe5+ Kf7 39. h3 Nc3 40. Kh2 Qd7 41. Nb3 Qd3 42. Qc7+ Kf6 43. Nc5 Qc2
44. f4 g5 45. Nd7+ Kg7 46. Ne5+ Kh8 47. Nf7+ Kg8 48. Nh6+ Kh8 49. Qe5+ 1-0

[Event "American Continental"]
[Site "Buenos Aires ARG"]
[Date "2005.08.14"]
[Round "9"]
[White "Blit,J"]
[Black "Parrilli,F"]
[Result "0-1"]
[WhiteElo "2278"]
[BlackElo "2140"]
[EventDate "2005.08.06"]

1. c3 Nf6 2. g3 d5 3. Bg2 e5 4. c4 dxc4 5. Qa4+ c6 6. Qxc4 Be6 7. Qc2 Bd6
8. Nc3 O-O 9. Nf3 h6 10. O-O c5 11. Ne1 Nc6 12. Bxc6 bxc6 13. d3 Nd5 14.
Ne4 Nb4 15. Qa4 Bh3 16. Ng2 f5 17. Nxd6 Qxd6 18. a3 Nd5 19. Qc4 Kh8 20. Qh4
Bxg2 21. Kxg2 f4 22. Bd2 g5 23. Qh5 Kh7 24. e4 Nf6 25. Qe2 c4 26. f3 cxd3
27. Qf2 c5 28. gxf4 gxf4 29. Rac1 Rac8 30. b4 c4 31. Qxa7+ Rc7 32. Qf2 Ra8
33. Rc3 Qd4 34. Kh1 Rg8 35. Rcc1 Qxf2 36. Rxf2 Ra8 37. Bc3 Nd7 38. Bb2 Kg7
39. Rd2 Rcc8 40. Kg2 Kf6 41. Kf2 Nf8 42. a4 Ne6 43. a5 Nd4 44. Rdd1 Ne2 45.
Rb1 c3 46. Rxd3 c2 47. Ra1 c1=Q 48. Bxc1 Nxc1 49. Rd6+ Ke7 50. Rd5 Ke6 51.
a6 Nb3 52. Ra2 Nd4 53. h3 Rcb8 54. Ra4 Rb6 55. a7 Nc6 56. Rc5 Nxb4 57. Rc7
Nc6 58. Rh7 Kd6 59. Rxh6+ Kc5 60. Rh7 Kb5 61. Ra2 Nb4 62. Rd2 Ka6 63. Rdd7
Nc6 64. h4 Rxa7 65. Rxa7+ Nxa7 66. Kg2 Rg6+ 67. Kf2 Nc6 68. h5 Rg8 69. h6
Kb6 70. Rd7 Rh8 71. h7 Nd4 72. Kg2 Kc6 73. Rg7 Kd6 74. Kh3 Ne6 75. Rg6
Rxh7+ 76. Kg4 Rg7 0-1

[Event "American Continental"]
[Site "Buenos Aires ARG"]
[Date "2005.08.14"]
[Round "9"]
[White "Duje,R"]
[Black "Patriarca,L"]
[Result "1/2-1/2"]
[WhiteElo "2146"]
[BlackElo "2266"]
[EventDate "2005.08.06"]

1. e4 e5 2. Nf3 Nc6 3. Bb5 a6 4. Ba4 Nf6 5. O-O Be7 6. Re1 b5 7. Bb3 d6 8.
c3 O-O 9. d4 Bb7 10. h3 Re8 11. Ng5 Rf8 12. Nf3 Re8 13. Ng5 1/2-1/2

[Event "American Continental"]
[Site "Buenos Aires ARG"]
[Date "2005.08.14"]
[Round "9"]
[White "Luconi,C"]
[Black "Tenti,J"]
[Result "1-0"]
[WhiteElo "2258"]
[BlackElo "2153"]
[EventDate "2005.08.06"]

1. d4 d5 2. Nf3 Nf6 3. Bf4 e6 4. Nbd2 Bd6 5. Bg3 c5 6. e3 Nc6 7. c3 Qe7 8.
Ne5 Nd7 9. f4 O-O 10. Bd3 f5 11. Ndf3 c4 12. Bc2 Ndxe5 13. fxe5 Bc7 14. Bf4
b5 15. a3 a5 16. h4 Bd7 17. g4 Be8 18. Qe2 Rb8 19. Qg2 b4 20. gxf5 exf5 21.
Ng5 Qd7 22. Rg1 Nd8 23. axb4 h6 24. Ba4 Qe7 25. Qxd5+ Kh8 26. Bxe8 Rxe8 27.
Nf3 Qe6 28. Qxe6 Nxe6 29. Nd2 axb4 30. Nxc4 Rec8 31. Kd2 Bd8 32. Kd3 Bxh4
33. Ra6 Nxf4+ 34. exf4 Kh7 35. Ra7 Rg8 36. Nd6 bxc3 37. bxc3 Rbf8 38. c4
Kh8 39. c5 Rb8 40. Nxf5 g5 41. Nxh6 Rb3+ 42. Ke4 Rf8 43. Nf7+ Kg8 44. Nxg5
Bf2 45. Rg2 Re3+ 46. Kd5 Rd8+ 47. Ke6 Rxd4 1-0

[Event "American Continental"]
[Site "Buenos Aires ARG"]
[Date "2005.08.14"]
[Round "9"]
[White "Guerrero,Alv"]
[Black "Rodi,L"]
[Result "1-0"]
[WhiteElo "2092"]
[BlackElo "2242"]
[EventDate "2005.08.06"]

1. d4 f5 2. c4 Nf6 3. Nc3 d6 4. g3 g6 5. Bg2 Bg7 6. Nf3 O-O 7. O-O Nc6 8.
d5 Ne5 9. Nxe5 dxe5 10. e4 f4 11. f3 g5 12. g4 a6 13. b4 Qe8 14. a4 h5 15.
h3 Qg6 16. Rf2 Qh6 17. Bf1 Kf7 18. Rh2 Rh8 19. Raa2 Bd7 20. c5 Rad8 21.
Rad2 Bc8 22. Bc4 Kg6 23. Qc2 Qh7 24. Rdg2 Qg8 25. Qb3 Qe8 26. b5 hxg4 27.
hxg4 Rxh2 28. Rxh2 Bxg4 29. fxg4 Nxg4 30. Rg2 Nh6 31. Ne2 axb5 32. axb5 g4
33. Qh3 Qf7 34. Bd3 f3 35. Rxg4+ Nxg4 36. Qxg4+ Kh7 37. Ng3 Ra8 38. Bf1 Ra2
39. Nf5 Bf8 40. Bg5 Qg6 41. Nh4 Qf7 42. Nxf3 Bg7 43. Be3 Bf6 44. Qh3+ Kg7
45. Bh6+ Kg8 46. Qf5 Kh8 47. Bh3 Qh7 48. Qh5 Qxe4 49. Bf5 Ra1+ 50. Bc1+ Kg8
51. Qh7+ Kf8 52. Bxe4 Rxc1+ 53. Kg2 Rxc5 54. Bg6 Bg7 55. Qh3 1-0

[Event "American Continental"]
[Site "Buenos Aires ARG"]
[Date "2005.08.14"]
[Round "9"]
[White "Giampa,A"]
[Black "Herrera,Mart"]
[Result "1-0"]
[WhiteElo "2243"]
[BlackElo "2192"]
[EventDate "2005.08.06"]

1. Nf3 Nf6 2. b3 g6 3. Bb2 Bg7 4. g3 O-O 5. Bg2 d5 6. c4 dxc4 7. bxc4 c5 8.
O-O Nc6 9. d3 Bg4 10. h3 Bxf3 11. Bxf3 Na5 12. Nc3 Nd7 13. Rb1 Ne5 14. Bg2
Rc8 15. Qa4 b6 16. Rfd1 h5 17. a3 g5 18. f4 gxf4 19. gxf4 Ng6 20. Qc2 Nh4
21. Be4 Qd7 22. Kh2 f5 23. Bh1 Kh7 24. Qd2 Ng6 25. Rg1 Bh6 26. Nd5 Nc6 1-0

[Event "American Continental"]
[Site "Buenos Aires ARG"]
[Date "2005.08.14"]
[Round "9"]
[White "Cerda,G"]
[Black "Evans,P"]
[Result "1/2-1/2"]
[WhiteElo "2237"]
[BlackElo "2058"]
[EventDate "2005.08.06"]

1. d4 e6 2. c4 b6 3. Nc3 Bb7 4. Nf3 Nf6 5. e3 Bb4 6. Bd2 d6 7. Bd3 Bxc3 8.
Bxc3 Ne4 9. Bxe4 Bxe4 10. d5 Bxf3 11. Qxf3 e5 12. Qg3 O-O 13. f4 f6 14. O-O
a5 15. f5 Nd7 16. e4 Nc5 17. Rae1 Qe8 18. b3 b5 19. cxb5 Qxb5 20. Re3 Rf7
21. Qf3 Rd7 22. g4 Na6 23. Qe2 Qb6 24. Be1 Nc5 25. Bf2 a4 26. Qc4 axb3 27.
Rxb3 Qa6 28. Qxa6 Rxa6 29. Bxc5 dxc5 30. Rc3 Rxa2 31. Rxc5 Ra4 32. Re1 h5
33. gxh5 Kh7 34. Kf2 Kh6 35. Rc3 Ra2+ 36. Re2 Ra4 37. Kf3 Kh7 38. Rec2 Ra7
39. Kg4 Ra4 40. Rc4 Ra7 41. R2c3 Kh6 42. Rg3 Ra2 43. Rgc3 Ra7 44. Rc2 Rb7
45. Kf3 Rf7 46. R4c3 Rd7 47. Ke3 Ra7 48. Kd3 Kh7 49. Rb3 Kh6 50. Rcc3 Rf7
51. Ra3 Rxa3 52. Rxa3 Kxh5 53. Ra7 Rd7 54. Kc4 g6 55. fxg6 Kxg6 56. Kc5 f5
57. Kc6 Rh7 58. exf5+ Kxf5 59. d6 Rxh2 60. dxc7 Rc2+ 1/2-1/2

[Event "American Continental"]
[Site "Buenos Aires ARG"]
[Date "2005.08.14"]
[Round "9"]
[White "Alza,A"]
[Black "Burijovich,L"]
[Result "0-1"]
[WhiteElo "2167"]
[BlackElo "2211"]
[EventDate "2005.08.06"]

1. d4 Nf6 2. c4 g6 3. g3 Bg7 4. Bg2 O-O 5. Nc3 d6 6. Nf3 Nbd7 7. O-O e5 8.
e4 exd4 9. Nxd4 Re8 10. h3 a6 11. Rb1 Rb8 12. Re1 Ne5 13. b3 c5 14. Nde2 b5
15. f4 Ned7 16. Qxd6 b4 17. Na4 Nxe4 18. Bxe4 Rxe4 19. Bb2 Bxb2 20. Rxb2
Re6 21. Qd2 Qe7 22. Rbb1 Bb7 23. f5 Rd6 24. Qf4 g5 25. f6 Qxf6 26. Qxf6
Rxf6 27. Rf1 Re6 28. Rb2 Rbe8 29. Nc1 Re3 30. Kh2 Bc6 31. Rd2 Ne5 32. Rdf2
Nf3+ 33. Rxf3 Rxf3 34. Rxf3 Bxf3 35. Nxc5 Re1 36. N1d3 Rh1+ 0-1

[Event "American Continental"]
[Site "Buenos Aires ARG"]
[Date "2005.08.14"]
[Round "9"]
[White "Ronco,R"]
[Black "Utman,C"]
[Result "1-0"]
[WhiteElo "2144"]
[BlackElo "2341"]
[EventDate "2005.08.06"]

1. g3 Nf6 2. Bg2 g6 3. e4 d6 4. d4 Bg7 5. Ne2 O-O 6. O-O e5 7. Nbc3 exd4 8.
Nxd4 Re8 9. h3 Nbd7 10. Re1 a5 11. a4 Nc5 12. Nb3 Nxb3 13. cxb3 Be6 14. Be3
Nd7 15. Qc2 c6 16. Rad1 Qc7 17. Nb5 Bxb3 18. Nxc7 Bxc2 19. Rxd6 Nf6 20.
Nxa8 Rxa8 21. Bf4 Ne8 22. Rd7 h6 23. Be3 b5 24. axb5 cxb5 25. e5 Rc8 26. f4
b4 27. Bd5 Rc7 28. Bxf7+ 1-0

[Event "American Continental"]
[Site "Buenos Aires ARG"]
[Date "2005.08.14"]
[Round "9"]
[White "Echeguren,G"]
[Black "Blanco Fernandez,A"]
[Result "0-1"]
[WhiteElo "2094"]
[BlackElo "2367"]
[EventDate "2005.08.06"]

1. e4 c5 2. Nc3 Nc6 3. g3 g6 4. Bg2 Bg7 5. d3 e5 6. Be3 d6 7. Qd2 Nd4 8.
Nd1 Rb8 9. c3 Ne6 10. Ne2 Ne7 11. f4 f5 12. O-O b6 13. Bf2 O-O 14. exf5
gxf5 15. Ne3 Bb7 16. Rad1 Bh6 17. Bxb7 Rxb7 18. Ng2 Ng6 19. Be3 Bg7 20. Qc2
Rbf7 21. Qb3 Qd7 22. Qd5 Ne7 23. Qf3 Qa4 24. a3 e4 25. Qf2 d5 26. b4 exd3
27. Rxd3 Qxa3 28. Bc1 Qa6 29. Re3 Qc8 30. bxc5 Nxc5 31. Nd4 Ne4 32. Qe1
Nxc3 33. Ne6 d4 34. Rd3 Re8 35. Nxg7 Rxg7 36. Bb2 Ned5 37. Qa1 Qc4 38. Rd2
Rge7 39. Nh4 Ne3 40. Re1 a5 41. Nf3 Re4 42. Nxd4 Ned5 43. Nf3 Qc5+ 44. Kh1
Rxe1+ 45. Nxe1 Qe3 46. Kg2 Qxd2+ 0-1

[Event "American Continental"]
[Site "Buenos Aires ARG"]
[Date "2005.08.14"]
[Round "9"]
[White "Negri,Sa"]
[Black "Fierro Baquero,M"]
[Result "1/2-1/2"]
[WhiteElo "2104"]
[BlackElo "2340"]
[EventDate "2005.08.06"]

1. d4 g6 2. e4 Bg7 3. Nf3 d6 4. Bd3 Nf6 5. O-O O-O 6. Re1 Bg4 7. Nbd2 e5 8.
c3 Nh5 9. h3 Nf4 10. Bf1 Bd7 11. Qb3 b6 12. a4 a5 13. Nc4 Nc6 14. Be3 Qf6
15. Ncd2 h6 16. Bb5 Nb8 17. dxe5 dxe5 18. Bxd7 Nxd7 19. Qc4 Qe6 20. Red1
Rfd8 21. Qxc7 Rdc8 22. Qb7 Rcb8 23. Qc7 Rc8 24. Qb7 Rcb8 1/2-1/2

[Event "American Continental"]
[Site "Buenos Aires ARG"]
[Date "2005.08.14"]
[Round "9"]
[White "Elias,L"]
[Black "Tovillas,D"]
[Result "0-1"]
[WhiteElo "2061"]
[BlackElo "2310"]
[EventDate "2005.08.06"]

1. e4 c5 2. Nf3 Nc6 3. g3 g6 4. Bg2 Bg7 5. O-O d6 6. Re1 Nf6 7. c3 Bg4 8.
h3 Bxf3 9. Bxf3 O-O 10. Bg2 e5 11. d3 Qc7 12. Bg5 Rfe8 13. Bxf6 Bxf6 14.
Nd2 Rad8 15. Nf1 Qb6 16. Qf3 Bg7 17. h4 Bh6 18. Re2 Rf8 19. h5 Qc7 20. a3
a5 21. a4 Rb8 22. Nh2 Qe7 23. Qg4 Kh8 24. hxg6 fxg6 25. Qh3 Kg7 26. Bf3 Bg5
27. Bg4 Rf6 28. Nf3 Rf7 29. Kg2 Rbf8 30. Ra3 h6 31. Nxg5 Qxg5 32. Be6 Re7
33. Bd5 Qf6 34. g4 Qg5 35. f3 Rf4 36. Kg3 Re8 37. Rb3 Nd8 38. d4 h5 39. Qh4
Rxf3+ 0-1

[Event "American Continental"]
[Site "Buenos Aires ARG"]
[Date "2005.08.14"]
[Round "9"]
[White "Farfan Ortiz,A"]
[Black "Lo Presti,R"]
[Result "1-0"]
[WhiteElo "2285"]
[BlackElo "2068"]
[EventDate "2005.08.06"]

1. e4 d5 2. exd5 Qxd5 3. Nc3 Qa5 4. d4 Nf6 5. Nf3 Bf5 6. Bc4 e6 7. Bd2 c6
8. Qe2 Bb4 9. O-O-O Nbd7 10. Ne5 Qc7 11. f3 Bg6 12. h4 b5 13. Bb3 a5 14. h5
Bxh5 15. Rxh5 Nxh5 16. Nxf7 O-O 17. Qxe6 Ndf6 18. Ne5+ Kh8 19. Qh3 Bxc3 20.
Bxc3 a4 21. Be6 Rae8 22. Bb4 Rxe6 23. Qxe6 Nf4 24. Qf5 Ne2+ 25. Kb1 Rd8 26.
c3 Re8 27. Re1 Ng3 28. Qg5 Ngh5 29. g4 h6 30. Qh4 Nd5 31. Ng6+ 1-0

[Event "American Continental"]
[Site "Buenos Aires ARG"]
[Date "2005.08.14"]
[Round "9"]
[White "Bermudes,E"]
[Black "Fedrizzi,A"]
[Result "1/2-1/2"]
[WhiteElo "2190"]
[BlackElo "2119"]
[EventDate "2005.08.06"]

1. g3 e5 2. Bg2 Nc6 3. d3 d6 4. Nf3 g6 5. c4 Bg7 6. Nc3 h6 7. O-O Be6 8.
Rb1 f5 9. e4 Nge7 10. b4 Qd7 11. b5 Nd8 12. Nd5 O-O 13. Nxe7+ Qxe7 14. Nh4
Kh7 15. exf5 gxf5 16. f4 a6 17. fxe5 dxe5 18. Nxf5 Bxf5 19. Rxf5 Rxf5 20.
Be4 Qf6 21. Qh5 axb5 22. Bxf5+ Kg8 23. cxb5 Rxa2 24. Be3 Qf7 25. Bg6 Qd5
26. Be4 Qf7 27. Qxf7+ Nxf7 28. Bxb7 Ra3 29. Be4 Rc3 30. Bg6 Nd6 31. b6 cxb6
32. Rxb6 Bf8 33. Bd2 Rc2 34. Bb4 Rb2 35. Bc5 Rxb6 36. Bxb6 Kg7 37. Be4 Nc8
38. Be3 Ba3 39. Kg2 Nd6 40. Kf3 Nb5 41. Bd5 Bb2 42. Bc4 Nd6 43. Bb3 Nf5 44.
Ba4 Nxe3 45. Kxe3 Kf6 46. h4 Bd4+ 47. Ke4 Bf2 48. Kf3 Be1 49. Kg4 Bf2 50.
Bc6 Be1 51. Be4 Kg7 52. Kh3 Kf6 1/2-1/2

[Event "American Continental"]
[Site "Buenos Aires ARG"]
[Date "2005.08.14"]
[Round "9"]
[White "Idiarte Borda,J"]
[Black "Varela,D"]
[Result "1/2-1/2"]
[WhiteElo "2157"]
[BlackElo "2113"]
[EventDate "2005.08.06"]

1. Nf3 d5 2. d4 Nf6 3. g3 c5 4. Bg2 Nc6 5. O-O Bg4 6. e3 e6 7. b3 Be7 8.
Bb2 cxd4 9. exd4 O-O 10. Nbd2 Ne4 11. h3 Bh5 12. g4 Bg6 13. Ne5 Nxe5 14.
dxe5 Nxd2 15. Qxd2 Rc8 16. Rac1 h6 17. Bd4 Ba3 18. c3 Bxc1 19. Qxc1 b6 20.
f4 Be4 21. Bxe4 dxe4 22. Qe3 Qh4 23. Kh2 Rfd8 24. Qxe4 h5 25. g5 g6 26. Rf3
b5 27. Qe2 Rxd4 28. cxd4 Rc1 29. Rf1 Rc3 30. Rf3 Rc1 31. Kg2 Qe1 32. Qxe1
Rxe1 33. Kf2 Re4 34. d5 exd5 35. Kg3 Re2 36. a3 Ra2 37. b4 d4 38. Rd3 Kf8
39. Kf3 Ke7 40. Ke4 Ke6 41. Kxd4 Rc2 42. Ke4 Rc4+ 43. Rd4 Rc3 44. Rd6+ Ke7
45. Ra6 Rxh3 46. Rxa7+ Ke6 47. Ra6+ Ke7 48. f5 gxf5+ 49. Kxf5 Rf3+ 50. Ke4
Rc3 51. Rh6 Rxa3 52. Rxh5 Rb3 53. Rh8 Rxb4+ 54. Kf5 Rb1 55. g6 Rf1+ 56. Ke4
1/2-1/2

[Event "American Continental"]
[Site "Buenos Aires ARG"]
[Date "2005.08.14"]
[Round "9"]
[White "Borda,A"]
[Black "Toniutti,E"]
[Result "1/2-1/2"]
[WhiteElo "2131"]
[BlackElo "2051"]
[EventDate "2005.08.06"]

1. e4 c5 2. c3 e6 3. d4 d5 4. exd5 exd5 5. Bb5+ Nc6 6. Qe2+ Qe7 7. Qxe7+
Bxe7 8. dxc5 Bxc5 9. Nf3 Nf6 10. O-O O-O 11. Nbd2 a6 12. Ba4 Be6 13. Nb3
Ba7 14. Nbd2 Rac8 15. Bd1 b5 16. Be2 Rfe8 17. Bd3 Na5 18. Nb3 Nc4 19. Nbd4
Ne4 20. Bxc4 bxc4 21. Be3 Rc7 22. Nc2 Nc5 23. Bxc5 Bxc5 24. Ncd4 Rb8 25.
Rab1 a5 26. Rfe1 Rcb7 27. b3 Bg4 28. Ne5 Bxd4 29. cxd4 Bf5 30. Nc6 Bxb1 31.
Nxb8 Rxb8 32. Rxb1 Kf8 33. Kf1 Rb4 34. Ke2 Ke7 35. Rc1 Ke6 36. bxc4 dxc4
37. Rc3 Kd5 38. Ke3 Rb7 39. Ra3 Re7+ 40. Kd2 Kxd4 41. Rxa5 Rb7 42. Kc2 Re7
43. Kd2 c3+ 44. Kd1 Rb7 45. Rf5 Ra7 46. Rf4+ Ke5 47. Rf3 Rxa2 48. Rxc3 Rxf2
49. Rg3 g6 50. Ke1 Rb2 51. Kf1 f5 52. Re3+ Kf4 53. Ra3 h5 54. Ra4+ Kg5 55.
h4+ Kh6 56. Ra6 Rd2 57. Ra3 Rd4 58. g3 Rd2 1/2-1/2

[Event "American Continental"]
[Site "Buenos Aires ARG"]
[Date "2005.08.14"]
[Round "9"]
[White "Malajovich,S"]
[Black "Lida Garcia,F"]
[Result "1-0"]
[WhiteElo "2126"]
[BlackElo "2066"]
[EventDate "2005.08.06"]

1. d4 e6 2. c4 Bb4+ 3. Nd2 Nf6 4. Ngf3 O-O 5. g3 b6 6. Bg2 Bb7 7. O-O d5 8.
Ne5 Qc8 9. Qc2 dxc4 10. Ndxc4 Bxg2 11. Kxg2 Qb7+ 12. f3 Rd8 13. Be3 Nc6 14.
Nxc6 Qxc6 15. Qb3 a5 16. Rac1 Qd5 17. a4 e5 18. dxe5 Ng4 19. Bf4 f5 20.
Rfd1 Qe6 21. fxg4 fxg4 22. Nd2 1-0

[Event "American Continental"]
[Site "Buenos Aires ARG"]
[Date "2005.08.14"]
[Round "9"]
[White "Leeuw,P"]
[Black "Cuevas,A"]
[Result "1/2-1/2"]
[WhiteElo "2088"]
[BlackElo "2017"]
[EventDate "2005.08.06"]

1. e4 c5 2. c4 Nc6 3. g3 g6 4. Bg2 Bg7 5. Ne2 e6 6. O-O Nge7 7. Nbc3 O-O 8.
d3 Rb8 9. Be3 d6 10. d4 b6 11. b3 e5 12. d5 Nd4 13. h3 f5 14. f3 h6 15. Rc1
a6 16. Qd2 Kh7 17. f4 b5 18. fxe5 dxe5 19. Kh2 Qd6 20. Nd1 Bd7 21. Nf2 bxc4
22. exf5 gxf5 23. bxc4 Ng6 24. Nd3 Rf7 25. Bxd4 exd4 26. Nef4 Nxf4 27. gxf4
Re8 28. Rce1 Rfe7 29. Rxe7 1/2-1/2

[Event "American Continental"]
[Site "Buenos Aires ARG"]
[Date "2005.08.14"]
[Round "9"]
[White "Perez Wertheim,R"]
[Black "Barros,R"]
[Result "1/2-1/2"]
[WhiteElo "1999"]
[BlackElo "2080"]
[EventDate "2005.08.06"]

1. d4 c5 2. e3 e6 3. c3 Nf6 4. f4 b6 5. Qf3 Nc6 6. Bd3 Bb7 7. Qh3 d6 8. Nf3
Be7 9. O-O Qc7 10. dxc5 dxc5 11. e4 Rd8 12. Ng5 Qd7 13. Bc2 e5 14. f5 O-O
15. Be3 Qc7 16. Na3 a6 17. Rae1 b5 18. Bc1 c4 19. Kh1 Nb8 20. Re3 h6 21.
Rg3 Qd6 22. Ne6 Ne8 23. Nxg7 Nxg7 24. f6 Bxf6 25. Qxh6 Rfe8 26. Qxf6 Qxf6
27. Rxf6 Bxe4 28. Bh6 Bxc2 29. Rxg7+ Kh8 30. Rgxf7 Bd3 31. h4 e4 32. Be3
Kg8 33. h5 Rf8 34. Rxf8+ Rxf8 35. Rg6+ Kh7 36. Kh2 Rf5 37. g4 Rf3 38. Bd4
e3 39. Re6 e2 40. Kg2 Rf4 41. Kg3 Be4 42. Kxf4 e1=Q 43. Rxe4 Qd2+ 44. Kf5
Nc6 45. Be3 Qd5+ 46. Kf4 Qd6+ 47. Kf3 Ne5+ 48. Kg3 Qd5 49. Rf4 Qd3 50. Kf2
Qd6 51. Ke2 Qd3+ 52. Kf2 Qd6 53. Ke2 Qd3+ 54. Kf2 1/2-1/2

[Event "American Continental"]
[Site "Buenos Aires ARG"]
[Date "2005.08.14"]
[Round "9"]
[White "Benko,F"]
[Black "Bendana,G"]
[Result "1/2-1/2"]
[WhiteElo "2090"]
[BlackElo "2155"]
[EventDate "2005.08.06"]

1. d4 Nf6 2. Nf3 d5 3. Bg5 e6 4. Nbd2 Be7 5. e3 c5 6. c3 Nbd7 7. Bd3 h6 8.
Bh4 b6 9. O-O O-O 10. Qe2 Bb7 11. e4 Nxe4 12. Bxe7 Qxe7 13. Nxe4 dxe4 14.
Bxe4 Bxe4 15. Qxe4 Nf6 16. Qe5 cxd4 17. Nxd4 1/2-1/2

[Event "American Continental"]
[Site "Buenos Aires ARG"]
[Date "2005.08.15"]
[Round "10"]
[White "Vescovi,G"]
[Black "Milos,G"]
[Result "1/2-1/2"]
[WhiteElo "2640"]
[BlackElo "2606"]
[EventDate "2005.08.06"]

1. e4 e5 2. Nf3 Nc6 3. Bb5 Nf6 4. O-O Nxe4 5. d4 a6 6. Bxc6 dxc6 7. Qe2 Bf5
8. g4 Bg6 9. h4 f5 10. h5 Bf7 11. gxf5 Nd6 12. Bg5 Be7 13. Qxe5 Kf8 14. Qf4
Bxg5 15. Nxg5 Qf6 16. Re1 1/2-1/2

[Event "American Continental"]
[Site "Buenos Aires ARG"]
[Date "2005.08.15"]
[Round "10"]
[White "Ivanov,AV USA"]
[Black "Felgaer,R"]
[Result "0-1"]
[WhiteElo "2566"]
[BlackElo "2618"]
[EventDate "2005.08.06"]

1. e4 c5 2. Nf3 Nc6 3. Bb5 d6 4. d4 cxd4 5. Qxd4 Bd7 6. Bxc6 Bxc6 7. Nc3
Nf6 8. Bg5 e6 9. O-O-O Be7 10. Rhe1 O-O 11. Kb1 Qc7 12. Qd2 a6 13. Nd4 Rfc8
14. f3 b5 15. g4 Qb7 16. Nce2 b4 17. Ng3 a5 18. Nh5 Ne8 19. Bxe7 Qxe7 20.
Nf4 Ba4 21. Ng2 Rc5 22. Ne3 Rac8 23. f4 Nf6 24. Qd3 Qb7 25. b3 Nxe4 26.
bxa4 Nc3+ 27. Ka1 Nxd1 28. Nxd1 Qg2 29. Ne3 Qxh2 30. f5 Rc3 31. Qd1 Qe5 32.
Qd2 Qf6 33. Kb1 Qh6 34. fxe6 fxe6 35. g5 Qg6 36. Nb5 d5 37. Nxc3 bxc3 38.
Qd4 Qxg5 39. Ka1 Qf6 40. Qd3 Qh4 0-1